logo

Bir Sreshtho Munshi Abdur Rouf Library
Jhenaidah Cadet College

Testing Student Achievements and Aptitudes / (Record no. 616)

MARC details
000 -LEADER
fixed length control field 00589nam a2200217 a 4500
001 - CONTROL NUMBER
JCCL Control Number 616
003 - CONTROL NUMBER IDENTIFIER
JCCL marc code BD-JhCC
005 - DATE AND TIME OF LATEST TRANSACTION
control field 20171007212446.0
008 - FIXED-LENGTH DATA ELEMENTS--GENERAL INFORMATION
fixed length control field 171007s1965 ii ||||| |||| 001 0 eng d
035 ## - SYSTEM CONTROL NUMBER
system control number (BD-JhCC)616
040 ## - CATALOGING SOURCE
Original cataloging agency BD-JhCC
Modifying agency BD-JhCC
041 ## - LANGUAGE CODE
Language code of Book eng
082 ## - DEWEY DECIMAL CLASSIFICATION NUMBER
DDC Edition number 22
Classification number 371.26
Author mark and Year AHM 1965
100 ## - MAIN ENTRY--PERSONAL NAME
Personal name Ahmann ,Stanley .
245 ## - TITLE STATEMENT
Title Testing Student Achievements and Aptitudes /
Statement of responsibility, etc Stanley Ahmann.
260 ## - PUBLICATION, DISTRIBUTION, ETC. (IMPRINT)
Place of publication, distribution, etc India ,
Name of publisher, distributor, etc Prentice of India Ltd ,
Date of publication, distribution, etc 1965
300 ## - PHYSICAL DESCRIPTION
Pagination 118p. ;
Dimensions 22cm.
650 ## - SUBJECT ADDED ENTRY--TOPICAL TERM
Topical term or geographic name as entry element Achievement tests
General subdivision Educational tests
942 ## - ADDED ENTRY ELEMENTS (KOHA)
Source of classification or shelving scheme Dewey Decimal Classification
Koha item type Books
Holdings
Source of classification or shelving scheme Damaged status Not for loan Home library Current library Shelving location Total Checkouts Full call number Barcode Date last seen Copy number Koha item type
Dewey Decimal Classification     JCC Rouf Library JCC Rouf Library General Stacks   371.26 AHM 1965 980 10/07/2017 C-1 Books

JCC Library | Contacts | JCC Home

Last Update on 23 September 2017
Copyright @ 2017-2020 JCC Rouf Library
Rouf Library, Jhenidah Cadet College (JCC), Bangladesh